Prime à + de 2Mds de Berrys One Piece - Statistiques

Statistiques générales
  • Ce quiz a été pris 83 fois
  • Le résultat moyen est 11 sur 12
Statistiques - réponses
Réponse % Correct
Monkey D. Luffy
100%
Shanks
100%
Edward Newgate
97%
Kaido
97%
Big Mom
96%
Gold D. Roger
96%
Marshall D. Teach
94%
Baggy
90%
Eustass Kidd
90%
Trafalgar D. Water Law
90%
Dracule Mihawk
82%
Loki
61%
Aucun quiz correspondant
Distribution des résultats
% des personnes avec chaque résultat
Percentile par nombre de réponses
Votre historique - résultats
Vous n’avez pas pris ce quiz